Ο ρόλος του εικονογραφημένου παιδικού βιβλίου στην προσέγγιση γεωμετρικών σχημάτων από παιδιά νηπιαγωγείου : διπλωματική εργασία [πτυχιακή εργασία]
Αποθηκεύτηκε σε:
| Κύριος συγγραφέας: | |
|---|---|
| Συγγραφή απο Οργανισμό/Αρχή: | |
| Άλλοι συγγραφείς: | |
| Μορφή: | Thesis Βιβλίο |
| Γλώσσα: | Greek |
| Δημοσίευση: |
2009
|
| Θέματα: | |
| Διαθέσιμο Online: | http://hdl.handle.net/11610/7509 |
| Ετικέτες: |
Προσθήκη ετικέτας
Δεν υπάρχουν, Καταχωρήστε ετικέτα πρώτοι!
|
MARC
| LEADER | 00000cam a2200000 i 4500 | ||
|---|---|---|---|
| 001 | 1/17369 | ||
| 008 | 120120s2009 gre d | ||
| 035 | |l 10111688 | ||
| 040 | |a GR-MY-UA |b gre |e aacr | ||
| 041 | 0 | |a gre | |
| 082 | 0 | |a 372.7044 |2 (22) | |
| 100 | 1 | |a Μπακοπούλου, Ιφιγένεια. | |
| 245 | 1 | 2 | |a Ο ρόλος του εικονογραφημένου παιδικού βιβλίου στην προσέγγιση γεωμετρικών σχημάτων από παιδιά νηπιαγωγείου : |b διπλωματική εργασία [πτυχιακή εργασία] / |c Μπακοπούλου Ιφιγένεια ; επιβλέπουσα: Σκουμπουρδή Χρυσάνθη |
| 260 | |c 2009 | ||
| 300 | |a 81 σ.; |b πιν.; |c 30 εκ. | ||
| 500 | |a Μέλη εξεταστικής επιτροπής: Γιαννικοπούλου Αγγελική, Καφούση Σουλτάνα | ||
| 502 | |a Πτυχιακή εργασία – Πανεπιστήμιο Αιγαίου, Ρόδος, 2009. | ||
| 504 | |a Βιβλιογραφία: σ. 45-46 | ||
| 650 | 0 | 0 | |a Mathematics |x Study and teaching (Primary) |
| 650 | 0 | 0 | |a Children's literature in mathematics education. |
| 650 | 0 | 0 | |a Geometry |x Study and teaching (Primary) |
| 650 | 0 | 0 | |a Dissertations, Academic |z Greece. |
| 700 | 1 | |a Σκουμπουρδή, Χρυσάνθη. |4 ths | |
| 710 | 2 | |a Πανεπιστήμιο Αιγαίου |b Σχολή Ανθρωπιστικών Επιστημών |b Τμήμα Επιστημών της Προσχολικής Αγωγής και του Εκπαιδευτικού Σχεδιασμού. | |
| 852 | |a INST |b RHODES |c DIATR |e 20120120 |h 372.7044 ΜΠΑ |p 005400032449 |q 005400032449 |t DIE |y 23 | ||
| 852 | |a INST |b RHODES |c DIATR |e 20120120 |h 372.7044 ΜΠΑ |p 005400032450 |q 005400032450 |t DIE |y 23 | ||
| 856 | |u http://hdl.handle.net/11610/7509 | ||
| 901 | |a BIBL4-2012-1 | ||
| 909 | |a Ρ |b 159690 | ||
| 909 | |a Ρ |b 159691 | ||
| 924 | |a ΜΠΑΚΟΠΟΥΛΟΥ |b ΙΦΙΓΕΝΕΙΑ |y ΡΟΔΟΣ |z 2009-07 | ||
| 970 | |z 2012/01/20 | ||